000 00306nam a2200085Ia 4500
008 220120s9999||||xx |||||||||||||| ||und||
100 _aAnjali, Manju S Kumar and Kumari Raveena
_912441
245 0 _aPossword generation of OTP system using finger print
260 _aCoorg Institute of Technology
_bPonnampet
_c2011
999 _c138028
_d138028